000 00609nam a22002297a 4500
003 UA-OsUOA
001 80075
007 ta
008 20111128b un ||||| |||| 00| 0 ukr d
100 _aМоріак Ф.
090 _a821.161.2
_bМ79
942 _cBK
040 _aUA-OsUOA
_bukr
_cUA-OsUOA
_dUA-OsUOA
245 _aГадючник. Дорога в нікуди
_bромани
300 _a320 с.
955 _a3
041 _aukr
080 _a821.161.2
260 _aК.
_bДніпро
_c1980
650 7 _a82 Література. Літературознавство
_2UDC
999 _c366352
_d366352